000 02174nam a22003377a 4500
003 EG-GICUC
005 20260121101155.0
008 251107s1992 ua ||||fr|||| 00| 0 ara d
017 _a1992/3980
020 _a9770300985
040 _a EG-GICUC
_bara
_c EG-GICUC
_d EG-GICUC
_erda
041 _aara
082 0 4 _221
_a343.3
_bم ح . ب
092 0 4 _221
099 _aLaw1 10 343.3 1992
100 0 _aمحمد محمد شتا أبوالسعد
_eمؤلف.
245 _aالبراءة في الأحكام الجنائية وأثرها في رفض الدعوى المدنية/
_cمحمد محمد شتا أبوالسعد
250 _aالطبعة الثانية
264 _aالإسكندرية :
_bمنشأة المعارف ,
_c1992 .
300 _a584 صفحة;
_c24 سم
336 _2rda content
_atext
337 _2rda media
_aComputer
338 _2rda carrier
_aOnline Resource
505 _aأول دراسة قضائية وفقهية تأصيلية جامعة في الموضوع وتتناول أسباب الحكم بالبراء والتخفيف في مجال القسم العام من قانون العقوبات والأحداث ، وفي بعض جرائم القسم الخاص ، كجرائم أمن الدولة ، والسرقة ، والقتل عمدا أو خطأ ، والنصب وجرائم نطا، الشباك ، وجرائم المخدرات ، والأسلحة والذخائر، والبراءة الأسباب إجرائية مع إضافات في البراءة لعدم مراعاة حرمة المسكن لك وعدم دستورية قانون الطوارئ - والبراءة العدم مراعاة حقوق وضمانات المشتبه فيه في مرحلة الاستدلال - والبراءة في الجرائم . فيه مرحلة الضريبية - وبحث مطول عن أثر حكم البراءة في رفض الدعوى المدنية .
546 _aالنص باللغة العربية
650 1 _aقانون جنائي
650 1 _aقانون الإجراءات الجنائية
856 4 0 _uhttps://fll.law.cu.edu.eg/fulltext/bks/B10-05870.pdf
905 _a44
_eYara
942 _2ddc
_cBK
_e21
_n0
999 _c41679
_d41679